Statistics for Real Madrid 2020's Starting XI

Click here to take the quiz!

General Stats

  • This quiz has been taken 4,745 times
    (3,572 since last reset)
  • The average score is 19 of 21

Answer Stats

Player% Correct
Luka Modrić
99%
Thibaut Courtois
99%
Vinicius Júnior
99%
Karim Benzema
98%
Toni Kroos
98%
David Alaba
96%
Dani Carvajal
95%
Federico Valverde
95%
Rodrygo
95%
Antonio Rüdiger
94%
Casemiro
93%
Éder Militão
92%
Raphaël Varane
91%
Sergio Ramos
91%
Aurélien Tchouaméni
90%
Eduardo Camavinga
89%
Ferland Mendy
89%
Marco Asensio
83%
Nacho
80%
Isco
65%
Lucas Vázquez
59%

Score Distribution

Percentile by Number Answered

Percent of People with Each Score

Your Score History

You have not taken this quiz since the last reset